LEADER 01240nam 2200361 a 450 001 9910702371203321 005 20121127102954.0 035 $a(CKB)5470000002426445 035 $a(OCoLC)819409401 035 $a(EXLCZ)995470000002426445 100 $a20121127d2012 ua 0 101 0 $aeng 135 $aurbn||||||||| 181 $ctxt$2rdacontent 182 $cc$2rdamedia 183 $acr$2rdacarrier 200 10$aClaims$b[electronic resource] $eagreement between the United States of America and Kuwait, effected by notification dated at Geneva, November 19, 2002, with attachment 210 1$a[Washington, D.C.] :$cU.S. Dept. of State,$d[2012?] 215 $a1 online resource (15 unnumbered pages) 225 1 $aTreaties and other international acts series ;$v02-1119 300 $aTitle from title screen (viewed on Nov. 27, 2012). 517 $aClaims 606 $aIraq-Kuwait Crisis, 1990-1991$xClaims 607 $aUnited States$xClaims 607 $aKuwait$xClaims 615 0$aIraq-Kuwait Crisis, 1990-1991$xClaims. 712 02$aUnited States.$bDepartment of State. 801 0$bGPO 801 1$bGPO 906 $aBOOK 912 $a9910702371203321 996 $aClaims$92317291 997 $aUNINA LEADER 01565ojm 2200253z- 450 001 9910148873703321 005 20230912161814.0 010 $a0-00-721882-6 035 $a(CKB)3710000000924014 035 $a(BIP)014060431 035 $a(EXLCZ)993710000000924014 100 $a20231107c2005uuuu -u- - 101 0 $aeng 200 10$aWoodlanders 210 $cHarperCollins UK 330 8 $aHardy's favourite of his own novels; a powerful work with brooding sexual undertones, ahead of its time in addressing themes of divorce, social inequality and land tenure. Now a film starring Rufus Sewell.Grace Melbury, the only daughter of a timber-merchant, arrives home in Little Hintock after an expensive education and her father looks to find a husband for her. There are two rivals for her hand: Giles Winterbourne, a good-hearted yeoman and her childhood sweetheart, and Edred Fitzpiers, an ambitious young doctor of good family. Fitzpiers wins her, but the mismatch brings unhappiness not just to the young couple, but to a wider circle in the woodland community.The Woodlanders is one of Hardy's most powerful works and the one he liked best. With brooding sexual undertones, it addresses themes about which the author held strong views - the laws of divorce, the inequalities of society, and the uncertainty of land tenure. 517 $aWoodlanders, The 676 $a823/.8 700 $aHardy$b Thomas$f1840-1928$0142510 702 $aSewell$b Rufus$4oth 906 $aAUDIO 912 $a9910148873703321 996 $aWoodlanders$9143498 997 $aUNINA LEADER 01893nam 2200445z- 450 001 9910220043503321 005 20210211 035 $a(CKB)3800000000216342 035 $a(oapen)https://directory.doabooks.org/handle/20.500.12854/43476 035 $a(oapen)doab43476 035 $a(EXLCZ)993800000000216342 100 $a20202102d2017 |y 0 101 0 $aeng 135 $aurmn|---annan 181 $ctxt$2rdacontent 182 $cc$2rdamedia 183 $acr$2rdacarrier 200 00$aThe Cognitive Neuroscience of Visual Working Memory 210 $cFrontiers Media SA$d2017 215 $a1 online resource (182 p.) 225 1 $aFrontiers Research Topics 311 08$a2-88945-168-2 330 $aVisual working memory allows us to temporarily maintain and manipulate visual information in order to solve a task. The study of the brain mechanisms underlying this function began more than half a century ago, with Scoville and Milner's (1957) seminal discoveries with amnesic patients. This timely collection of papers brings together diverse perspectives on the cognitive neuroscience of visual working memory from multiple fields that have traditionally been fairly disjointed: human neuroimaging, electrophysiological, behavioural and animal lesion studies, investigating both the developing and the adult brain. 606 $aNeurosciences$2bicssc 610 $acapacity 610 $achildren 610 $adelay activity 610 $adevelopment 610 $afronto-parietal network 610 $ainfants 610 $aneuroimaging 610 $aprefrontal cortex 610 $avisual working memory 615 7$aNeurosciences 700 $aNatasha Sigala$4auth$01320378 702 $aZsuzsa Kaldy$4auth 906 $aBOOK 912 $a9910220043503321 996 $aThe Cognitive Neuroscience of Visual Working Memory$93034209 997 $aUNINA